Object oriented programing in Java

Збережено в:
Бібліографічні деталі
Автори: Gilbert, Stephen (Автор), McCarty, Bill (Автор)
Формат: Книга
Мова:Англійська
Опубліковано: Berkeley Waite Group Press 1997
Серія:Mitchell Waite Signature Series
Предмети:
Теги: Додати тег
Немає тегів, Будьте першим, хто поставить тег для цього запису!

MARC

LEADER 00000nam a2200000 a 4500
001 UCR5517
003 CL-VaPUC
008 980327e19970000us |||||||||||||||||eng|d
082 0 4 |a 005.133  |b GIL  |2 21 
100 0 |a Gilbert, Stephen  |e author  |9 406483 
700 0 |a McCarty, Bill  |e author  |9 406484 
245 1 0 |a Object oriented programing in Java 
300 |a 953 p 
942 |c BK 
945 |d 19980327 00:00:00  |a rleighto 
260 |a Berkeley  |b Waite Group Press  |c 1997 
500 |a Incluye CD 
650 0 |a Java  |9 370043 
650 0 |a Programas de computadores   |9 260046 
650 0 |a Lenguajes de programación   |9 259458 
650 0 |a Programación de computadores   |9 259531 
583 |a last modification  |c 20171221 12:58:48  |k Rodrigo Vera 
490 0 |a Mitchell Waite Signature Series 
999 |c 268094  |d 268092 
952 |0 0  |1 0  |4 0  |6 005_133000000000000_GIL_1997  |7 0  |8 A  |9 301010  |a BIBING  |b BIBING  |d 2019-11-20  |i 3405990  |l 1  |o 005.133 GIL 1997  |p 3405990  |r 2025-01-20  |s 2023-10-03  |w 2019-11-20  |y BK  |k EII